| 000 | 01222nam a2200289Ia 4500 | ||
|---|---|---|---|
| 003 | OSt | ||
| 005 | 20220104144157.0 | ||
| 008 | 210310s1964 ag fr 001 0 spa d | ||
| 040 |
_aCO-JMCR _cCO-JMCR |
||
| 041 | 1 |
_aspa _hfre |
|
| 082 | 0 | 4 |
_a338.9001 / _bG198e _223 |
| 100 | 1 |
_aGannagé, Élias, _918137 _eautor |
|
| 245 | 1 | 0 |
_aEconomía del desarrollo / _cÉlias Gannagé ; Prefacio de François Perroux ; [traducción de Nélida Carolina Murillo ; con la dirección técnica de Nicolás Héctor Argentato] |
| 250 | _aPrimera edición | ||
| 260 |
_aBuenos Aires : _bAsociación de Economistas Argentinos, _c1964. |
||
| 300 |
_a338 páginas ; _c23 cm. |
||
| 500 | _aIncluye notas a pie de página e índice de autores y temas. Título original: Économie du développement | ||
| 504 | _aBibliografía: páginas 315-324 | ||
| 505 | 0 | _aSubdesarrollo -- Círculos viciosos -- Desarrollo | |
| 546 | _aTraducido del francés. | ||
| 650 | 1 | 4 |
_aDesarrollo económico. _918139 |
| 650 | 2 | 4 | _aPolítica económica. |
| 700 | 1 |
_aPerroux, François, _eautor de prefacio _941828 |
|
| 700 | 1 |
_aMurillo, Nélida Carolina, _etraductora _941829 |
|
| 700 | 1 |
_aArgentato, Nicolás Héctor, _edirector _941830 |
|
| 942 |
_2ddc _cBK |
||
| 999 |
_c8736 _d8736 |
||